| 000 | 02554nam a2200349 i 4500 | ||
|---|---|---|---|
| 003 | DO-SdBNP | ||
| 005 | 20240722111545.0 | ||
| 006 | a||||gr|||| 00| 0 | ||
| 007 | ta | ||
| 008 | 240722t2012 dr ||||| |||| 00| e spa d | ||
| 020 | _a9789945492095 | ||
| 040 |
_aDO-SdBNP _bspa _cBNPHU _erda |
||
| 082 | 4 |
_222 _bJ27d |
|
| 100 | 1 |
_aJames, Daniel _d1914 _eautor _986146 |
|
| 245 | 1 | 0 |
_aDetrás de la cortina de azúcar / _cDaniel James; Asesor, Bernardo Vega; editor, León Félix Batista. |
| 264 | 4 |
_aSanto Domingo : _bEditorial Nacional, _c©2012 |
|
| 300 |
_a76 páginas : _c23 cm. |
||
| 336 |
_2rdacontent _atexto _btxt |
||
| 337 |
_2rdamedia _asin mediación _bn |
||
| 338 |
_2rdacarrier _avolumen _bnc |
||
| 490 | 0 | _a30 de Mayo: Puerta a la Libertad | |
| 500 | _aIncluye datos biográficos del autor en la solapa de la cubierta. | ||
| 505 |
_aPólogo. _tDetrás de la Cortina de Azúcar.-- _tResoluciones del movimiento sindical libre y democrático contra la dictura de Rafael Leonidas Trujillo. Resolución de I Congreso de la O.R.I.T. relativa a la situación sindical en la República Dominicana. México, D. F. enero 12. de 1951.-- _tResoluciones del III Congreso de la O.R.I.T. sobre "solidaridad con las víctimas de las dictaduras. Río de janeiro, Brasil, 12-17 de diciembre de 1952.-- _tResoluciones del III Congreso continental de la O.R.I.T. sobre la situación de la obrera dominicana presentada por el "Comité Obrero Domocrático Dominicano en Exilio". San José, Costa Rica. 13-17 de abril de 1955.-- _tResoluciones del III Congreso continental de la O.R.I.T. celebrado en San José de Costa Rica, del 13 al 17 de abril de 1955 por el secuestro y asesinato de Mauricio Báez.-- _tDeclaración de la O.R.I.T. sobre la desaparición del prof. Jesús de Galíndez.-- _tResolución del IX Congreso Nacional de la Confederación de Trabajador de Cuba (C.T.C.).-- _tConfederación Internacional de Organizaciones Sindicales Libres, Consejo Ejecutivo Bruselas, 2-7 de julio de 1956. Resolución sobre la República Dominicana solicitada por la O.R.I.T.-- |
||
| 590 | _aInventariado 2024 / MF | ||
| 650 | 4 |
_aDictadura de Trujillo _985510 _zRepública Dominicana |
|
| 650 | 4 |
_aClase Obrera _xDictadura de Trujillo _zRepública Dominicana _916144 |
|
| 650 | 4 |
_aAsesinato _yEra de Trujillo, 1930-1961 _zRepública Dominicana _916407 |
|
| 651 | 4 |
_aRepública Dominicana _xPolítica y Gobierno _yEra de Trujillo, 1930-1961 _91374 |
|
| 700 | 1 |
_aBatista, León Félix, _d1964- _912031 _eeditor |
|
| 700 | 2 |
_aVega, Bernardo, _d1938 - _93222 |
|
| 942 |
_2ddc _cLBS1 |
||
| 999 |
_c57325 _d57325 |
||